Normal view
MARC view
Entry Personal Name
001 - CONTROL NUMBER
- control field: 83
003 - CONTROL NUMBER IDENTIFIER
- control field: OSt
005 - DATE AND TIME OF LATEST TRANSACTION
- control field: 20260123034735.0
008 - FIXED-LENGTH DATA ELEMENTS
- fixed length control field: 260123|| aca||aabn | a|a d
040 ## - CATALOGING SOURCE
- Original cataloging agency: OSt
- Transcribing agency: OSt
100 ## - HEADING--PERSONAL NAME
- Personal name: Rivera, Lilliam
670 ## - SOURCE DATA FOUND
- Source citation: Work cat.: (OSt)2468: Rivera, Lilliam, Never look back /, c2021